[Event "SRB-ch U18 Girls"]
[Site "Novi Sad"]
[Date "2022.08.01"]
[Round "1.1"]
[White "Jaukovic, Teodora"]
[Black "Radenkovic, Mina"]
[Result "1/2-1/2"]
[WhiteElo "1472"]
[BlackElo "1552"]
[PlyCount "109"]
[EventDate "2022.08.01"]
[EventType "tourn"]
[EventRounds "5"]
[EventCountry "SRB"]
[SourceTitle "CBM 209 Extra"]
[Source "ChessBase"]
[SourceDate "2022.09.30"]
[SourceVersion "1"]
[SourceVersionDate "2022.09.30"]
[SourceQuality "1"]

1. e4 d6 2. d4 g6 3. Nf3 Bg7 4. Nc3 Nf6 5. Bc4 0-0 6. h3 c6 7. Qe2 d5 8. exd5 Nxd5 9. Nxd5 cxd5 10. Bb3 Nc6 11. c3 Bf5 12. Qb5 Be4 13. Qxb7 Na5 14. Qb5 Rb8 15. Qe2 Nxb3 16. axb3 a5 17. Ra3 Qc7 18. 0-0 Rb7 19. Nd2 Bc2 20. Nc4 dxc4 21. Qxc2 cxb3 22. Rxb3 Rxb3 23. Qxb3 Rb8 24. Qa2 Rb5 25. Bd2 Qb7 26. b3 Rxb3 27. Qxa5 Rb2 28. Qd8+ Bf8 29. Bh6 Qb8 30. Qxb8 Rxb8 31. Bxf8 Kxf8 32. Rc1 Rb2 33. Kf1 e6 34. Ke1 Ke7 35. Rd1 Rc2 36. Rd3 Kd6 37. Rf3 f5 38. Kd1 Ra2 39. c4 e5 40. c5+ Kd5 41. dxe5 Kxc5 42. Rd3 Rxf2 43. e6 Rf4 44. Re3 Rd4+ 45. Kc2 Rd8 46. g4 fxg4 47. hxg4 Kd6 48. Rh3 Rh8 49. Re3 Ke7 50. Kd3 h5 51. gxh5 Rxh5 52. Ke4 Kxe6 53. Kf4+ Kf6 54. Kg4 Rf5 55. Re2 1/2-1/2

[Event "SRB-ch U18 Girls"]
[Site "Novi Sad"]
[Date "2021.08.07"]
[Round "8"]
[White "Ljubicic, Andjela"]
[Black "Jaukovic, Teodora"]
[Result "0-1"]
[WhiteElo "1613"]
[BlackElo "1478"]
[PlyCount "56"]
[EventDate "2021.08.03"]
[EventType "tourn"]
[EventRounds "9"]
[EventCountry "SRB"]
[SourceTitle "EXT 2022"]
[Source "ChessBase"]
[SourceDate "2021.10.06"]
[SourceVersion "1"]
[SourceVersionDate "2021.10.06"]
[SourceQuality "1"]

1. e4 e5 2. Nf3 Nc6 3. Bc4 Bc5 4. c3 Nf6 5. d4 exd4 6. cxd4 Bb4+ 7. Nc3 Nxe4 8. 0-0 Bxc3 9. d5 Bf6 10. Re1 Ne7 11. Rxe4 d6 12. Qa4+ Bd7 13. Bb5 a6 14. Bxd7+ Qxd7 15. Qb3 b6 16. Nd4 Bxd4 17. Rxd4 0-0 18. h3 Ng6 19. Qg3 Qf5 20. Be3 Rfe8 21. Rc1 Rac8 22. Rdc4 Qxd5 23. Bxb6 Re1+ 24. Rxe1 Qxc4 25. Ba5 Qxa2 26. Bxc7 d5 27. Rd1 Qxb2 28. Qh2 Qc2 0-1

[Event "SRB-ch U18 Girls"]
[Site "Novi Sad"]
[Date "2021.08.03"]
[Round "1"]
[White "Jovanovic, Anja"]
[Black "Jaukovic, Teodora"]
[Result "1-0"]
[WhiteElo "1679"]
[BlackElo "1478"]
[PlyCount "135"]
[EventDate "2021.08.03"]
[EventType "tourn"]
[EventRounds "9"]
[EventCountry "SRB"]
[SourceTitle "EXT 2022"]
[Source "ChessBase"]
[SourceDate "2021.10.06"]
[SourceVersion "1"]
[SourceVersionDate "2021.10.06"]
[SourceQuality "1"]

1. e4 e5 2. Nf3 Nc6 3. c3 Nf6 4. d4 exd4 5. e5 Nd5 6. cxd4 Bb4+ 7. Bd2 Bxd2+ 8. Qxd2 d6 9. Nc3 Nxc3 10. Qxc3 dxe5 11. dxe5 0-0 12. Be2 Be6 13. 0-0 Qe7 14. a3 a6 15. Rad1 Rad8 16. Bxa6 bxa6 17. Qxc6 Bg4 18. Rxd8 Rxd8 19. Re1 Bxf3 20. Qxf3 Rd2 21. Qa8+ Qd8 22. Qxd8+ Rxd8 23. Rc1 Rd2 24. f3 h5 25. Rxc7 Rxb2 26. Rc6 a5 27. Rc5 a4 28. Rc4 Rb5 29. Rxa4 Rxe5 30. Ra8+ Kh7 31. a4 g5 32. a5 Kg6 33. a6 Ra5 34. a7 Kg7 35. Kf2 Ra3 36. Ke2 f6 37. Kd2 Ra2+ 38. Kc3 Ra3+ 39. Kb4 Ra1 40. h3 h4 41. Kc5 Rc1+ 42. Kd5 Ra1 43. Ke4 Ra4+ 44. Kd5 Ra5+ 45. Kc6 Ra1 46. f4 gxf4 47. Kd5 Ra4 48. Ke6 Ra5 49. Kd6 Ra4 50. Kd5 Ra5+ 51. Ke4 Ra6 52. Kxf4 Ra5 53. Kg4 Ra4+ 54. Kh5 Ra5+ 55. Kxh4 Ra4+ 56. Kg3 Ra3+ 57. Kf4 Ra4+ 58. Kf5 Ra5+ 59. Ke6 Ra6+ 60. Kd5 Ra5+ 61. Kc6 Ra1 62. Rd8 Rc1+ 63. Kb7 Rb1+ 64. Ka8 Rb2 65. Rd7+ Kh6 66. g4 Re2 67. Kb8 Re8+ 68. Kb7 1-0